| 000 | 00934cam a22002531i 4500 | ||
|---|---|---|---|
| 003 | SA-RiAUC | ||
| 005 | 20251022092937.0 | ||
| 008 | 251021s1999 mk g f000 0 ara c | ||
| 040 |
_aOM-MuSQU _bara _cSA-RiAUC _erda |
||
| 082 | 0 | 4 | _a252.4 |
| 090 |
_a252.4 _bح ج ر |
||
| 100 | 1 |
_aالحجري، محمد بن ناصر بن علي _eمؤلف. |
|
| 245 | 1 | 2 |
_aالقواعد التطبيقية لفريضة الزكاة / _cمحمد بن ناصر الحجري. |
| 250 | _aالطبعة الأولى. | ||
| 264 | 1 |
_aمسقط : _bوزارة الأوقاف والشؤون الدينية، _c1999 |
|
| 300 |
_a64 صفحة ؛ _c18 سم |
||
| 336 |
_aنص _btxt _2rdacontent _3كتاب |
||
| 337 |
_aبدون وسيط _bn _2rdamedia |
||
| 338 |
_aمجلد _bnc _2rdacarrier |
||
| 650 | 7 |
_aالزكاة (فقه إسلامي) _2aucsh |
|
| 942 |
_2ddc _cBOOK _n0 |
||
| 949 |
_aSA-JeALM _d251021 _umohamedma123 _n1 |
||
| 999 |
_c12724 _d12724 |
||